La Posición de los representantes laborales ante las reformas a la Ley de Concesión /

Guardado en:
書目詳細資料
主要作者: Méndez Mata, Rodolfo
其他作者: Velásquez, José Luis, Powell P., Danilo, Montero, Ana Isabel, Bolaños, Gregorio, Brown, Gilbert
格式: Texto
主題:
標簽: 添加標簽
沒有標簽, 成為第一個標記此記錄!

MARC

LEADER 00000 a a2200000 04500
001 17082
003
040
100 |a Méndez Mata, Rodolfo  
245 |a La Posición de los representantes laborales ante las reformas a la Ley de Concesión /  |c Rodolfo Méndez Mata 
650 |a LEGISLACION  
650 |a TRABAJADORES  
650 |a OPINION  
650 |a OBRAS PUBLICAS  
650 |a LICITACION  
650 |a INSTITUCIONES PUBLICAS  
700 |a Velásquez, José Luis  
700 |a Powell P., Danilo  
700 |a Montero, Ana Isabel  
700 |a Bolaños, Gregorio  
700 |a Brown, Gilbert  
773 |g volumen 6, número 2; páginas 195-213  
999 |c 26017  |d 26017